Tìm hiểu văn bia Tân tạo từ vũ ở đền thờ Trạng Trình Nguyễn Bỉnh Khiêm huyện Vĩnh Bảo /
Saved in:
| Main Author: | |
|---|---|
| Other Authors: | |
| Format: | Article |
| Language: | Vietnamese |
| Subjects: | |
| Tags: |
Add Tag
No Tags, Be the first to tag this record!
|
| Institutions: | Thư viện Trường Đại học Đà Lạt |
|---|
| LEADER | 00877nam a2200277 4500 | ||
|---|---|---|---|
| 001 | DLU180187770 | ||
| 005 | ##20181010 | ||
| 040 | # | # | |a DLU |b vie |
| 041 | # | # | |a vie |
| 044 | # | # | |a vn |
| 100 | # | # | |a Nguyễn Tá Nhí. |
| 245 | # | # | |a Tìm hiểu văn bia Tân tạo từ vũ ở đền thờ Trạng Trình Nguyễn Bỉnh Khiêm huyện Vĩnh Bảo / |c Nguyễn Tá Nhí, Phạm Hương Lan. |
| 653 | # | # | |a Hải Phòng |
| 653 | # | # | |a Nguyễn Bỉnh Khiêm |
| 653 | # | # | |a Tư liệu Hán Nôm |
| 653 | # | # | |a Văn bia |
| 700 | # | # | |a Phạm Hương Lan. |
| 773 | # | # | |t Tạp chí Hán Nôm |g Số 6(133), 2015, tr. 73-76 |
| 920 | # | # | |a Phòng Tạp chí -- Trung tâm Thông tin - Thư viện Trường Đại học Đà Lạt |
| 900 | # | # | |a True |
| 911 | # | # | |a Hoàng Thị Huyền |
| 925 | # | # | |a G |
| 926 | # | # | |a A |
| 927 | # | # | |a BB |
| 980 | # | # | |a Thư viện Trường Đại học Đà Lạt |